[Event "Chigorin Memorial 18th"]
[Site "St Petersburg"]
[Date "2010.11.05"]
[Round "9"]
[White "Fokin, Anatoly"]
[Black "Mukha, Aleksey"]
[Result "1-0"]
[WhiteElo "1884"]
[BlackElo "1925"]
[PlyCount "67"]
[EventDate "2010.10.28"]
[EventType "swiss"]
[EventRounds "9"]
[EventCountry "RUS"]
[SourceTitle "EXT 2011"]
[Source "ChessBase"]
[SourceDate "2010.11.26"]
[SourceVersion "1"]
[SourceVersionDate "2010.11.26"]
[SourceQuality "1"]

1. d4 d5 2. Nf3 Nf6 3. e3 Bg4 4. Bd3 Nbd7 5. Nbd2 e5 6. dxe5 Nxe5 7. Be2 Nxf3+ 8. Nxf3 Bd6 9. 0-0 0-0 10. b3 Bxf3 11. Bxf3 Be5 12. Rb1 c6 13. Qd3 Qd6 14. g3 Qe7 15. b4 Bd6 16. b5 a6 17. bxc6 bxc6 18. Rb6 Nd7 19. Rxc6 Ne5 20. Qxd5 Nxc6 21. Qxc6 Ra7 22. Rd1 Rd8 23. Qb6 Qc7 24. Qb3 Bf8 25. Re1 Rb8 26. Qd3 Rd8 27. Qe2 Qd6 28. e4 Qe6 29. c3 Rc7 30. Bg5 Be7 31. Bg4 Qc6 32. Bxe7 Rxe7 33. c4 Rd4 34. Rd1 1-0